[Event "BL2-Sued 1718"]
[Site "Germany"]
[Date "2018.02.25"]
[Round "10.6"]
[White "Hacker, Jonas"]
[Black "Florea, Dan"]
[Result "1/2-1/2"]
[WhiteElo "2297"]
[BlackElo "2267"]
[PlyCount "50"]
[EventDate "2017.10.21"]
[EventType "team-tourn"]
[EventRounds "10"]
[EventCountry "GER"]
[SourceTitle "CBM 183 Extra"]
[Source "ChessBase"]
[SourceDate "2018.04.19"]
[SourceVersion "1"]
[SourceVersionDate "2018.04.19"]
[SourceQuality "1"]
[WhiteTeam "Eppingen"]
[BlackTeam "Untergrombach"]
[WhiteTeamCountry "GER"]
[BlackTeamCountry "GER"]

1. e4 e6 2. d4 d5 3. Nc3 Nf6 4. e5 Nfd7 5. f4 c5 6. Nf3 Nc6 7. Be3 a6 8. Qd2 b5 9. dxc5 Bxc5 10. Bd3 Qb6 11. Bf2 0-0 12. 0-0 f6 13. exf6 Nxf6 14. Rae1 Bd7 15. a3 Rae8 16. Bxc5 Qxc5+ 17. Kh1 b4 18. axb4 Nxb4 19. Ne5 Bb5 20. Ra1 Bxd3 21. cxd3 Nc6 22. Na4 Qb5 23. Nc3 Qc5 24. Na4 Qb5 25. Nc3 Qc5 1/2-1/2

[Event "BL2-Sued 1617"]
[Site "Germany"]
[Date "2017.04.23"]
[Round "8.7"]
[White "Florea, Dan"]
[Black "Zilka, Stepan"]
[Result "0-1"]
[WhiteElo "2271"]
[BlackElo "2532"]
[PlyCount "52"]
[EventDate "2016.10.16"]
[EventType "team-tourn"]
[EventRounds "9"]
[EventCountry "GER"]
[SourceTitle "EXT 2018"]
[Source "ChessBase"]
[SourceDate "2017.10.13"]
[SourceVersion "1"]
[SourceVersionDate "2017.10.13"]
[SourceQuality "1"]
[WhiteTeam "Untergrombach"]
[BlackTeam "Deizisau"]
[WhiteTeamCountry "GER"]
[BlackTeamCountry "GER"]

1. d4 Nf6 2. c4 e6 3. Nc3 Bb4 4. e3 0-0 5. Bd3 d5 6. Nge2 c5 7. cxd5 exd5 8. a3 cxd4 9. exd4 Be7 10. 0-0 Nc6 11. Bg5 Bg4 12. Qc2 h6 13. Be3 Bd6 14. h3 Be6 15. f4 Re8 16. Rf3 Rc8 17. g4 Ne4 18. f5 Bd7 19. Qd1 Na5 20. Qf1 Nb3 21. Rd1 Ng5 22. Bxg5 Qxg5 23. Bb5 Bxb5 24. Nxb5 Nd2 25. Rxd2 Qxd2 26. Nxd6 Rxe2 0-1

[Event "BL2-Sued 1617"]
[Site "Germany"]
[Date "2017.02.05"]
[Round "5.7"]
[White "Mandel, Andreas"]
[Black "Florea, Dan"]
[Result "1/2-1/2"]
[WhiteElo "2400"]
[BlackElo "2267"]
[PlyCount "63"]
[EventDate "2016.10.16"]
[EventType "team-tourn"]
[EventRounds "9"]
[EventCountry "GER"]
[SourceTitle "EXT 2018"]
[Source "ChessBase"]
[SourceDate "2017.10.13"]
[SourceVersion "1"]
[SourceVersionDate "2017.10.13"]
[SourceQuality "1"]
[WhiteTeam "Viernheim"]
[BlackTeam "Untergrombach"]
[WhiteTeamCountry "GER"]
[BlackTeamCountry "GER"]

1. d4 e6 2. Nf3 Nf6 3. c4 b6 4. g3 Bb7 5. Bg2 Be7 6. 0-0 0-0 7. Nc3 Ne4 8. Bd2 Nxd2 9. Qxd2 d6 10. e4 Nd7 11. Rfe1 e5 12. Rad1 Re8 13. Qc2 exd4 14. Nxd4 Bf8 15. Nde2 a5 16. b3 c6 17. Rd2 Qc7 18. Red1 Rad8 19. Nd4 g6 20. h3 Bg7 21. a3 Nc5 22. Nde2 Bf8 23. Nc1 Bg7 24. Re2 Ne6 25. Red2 Nc5 26. N1e2 Bf8 27. Nd4 Bg7 28. Re2 Ne6 29. Nxe6 fxe6 30. h4 Ba6 31. Ree1 d5 32. Ne2 1/2-1/2

[Event "BL2-Sued 1314"]
[Site "Germany"]
[Date "2014.03.16"]
[Round "8.6"]
[White "Mudrak, Josef"]
[Black "Florea, Dan"]
[Result "1/2-1/2"]
[WhiteElo "2351"]
[BlackElo "2282"]
[PlyCount "37"]
[EventDate "2013.10.13"]
[EventType "team-tourn"]
[EventRounds "9"]
[EventCountry "GER"]
[SourceTitle "EXT 2015"]
[Source "ChessBase"]
[SourceDate "2014.11.20"]
[SourceVersion "1"]
[SourceVersionDate "2014.11.20"]
[SourceQuality "1"]
[WhiteTeam "Schwaebisch Hall"]
[BlackTeam "Untergrombach"]
[WhiteTeamCountry "GER"]
[BlackTeamCountry "GER"]

1. e4 e6 2. d4 d5 3. e5 c5 4. c3 Qb6 5. a3 Bd7 6. Nf3 cxd4 7. cxd4 Bb5 8. Bxb5+ Qxb5 9. Nc3 Qa6 10. Be3 Nd7 11. Qe2 Qxe2+ 12. Kxe2 Rc8 13. Rhc1 Ne7 14. Na4 Nc6 15. Rc2 Nb6 16. Nxb6 axb6 17. Rac1 Be7 18. Kd3 Kd7 19. Nd2 1/2-1/2

[Event "BL2-Sued 1314"]
[Site "Germany"]
[Date "2013.12.15"]
[Round "4.7"]
[White "Tiemann, Christoph"]
[Black "Florea, Dan"]
[Result "1/2-1/2"]
[WhiteElo "2290"]
[BlackElo "2293"]
[PlyCount "41"]
[EventDate "2013.10.13"]
[EventType "team-tourn"]
[EventRounds "9"]
[EventCountry "GER"]
[SourceTitle "EXT 2015"]
[Source "ChessBase"]
[SourceDate "2014.11.20"]
[SourceVersion "1"]
[SourceVersionDate "2014.11.20"]
[SourceQuality "1"]
[WhiteTeam "Baden-Baden II"]
[BlackTeam "Untergrombach"]
[WhiteTeamCountry "GER"]
[BlackTeamCountry "GER"]

1. c4 c5 2. Nf3 Nc6 3. d4 cxd4 4. Nxd4 g6 5. e4 Bg7 6. Be3 Nf6 7. Nc3 d6 8. Be2 0-0 9. 0-0 Nxd4 10. Bxd4 Qa5 11. a3 Bd7 12. b4 Qc7 13. Nd5 Nxd5 14. exd5 Bxd4 15. Qxd4 b6 16. Bd3 e5 17. dxe6 fxe6 18. f4 Bc6 19. Be4 Rac8 20. Bxc6 Qxc6 21. Rae1 1/2-1/2

[Event "BL2-Sued 1314"]
[Site "Germany"]
[Date "2013.11.10"]
[Round "2.7"]
[White "Jeitz, Christian"]
[Black "Florea, Dan"]
[Result "0-1"]
[WhiteElo "2197"]
[BlackElo "2292"]
[PlyCount "112"]
[EventDate "2013.10.13"]
[EventType "team-tourn"]
[EventRounds "9"]
[EventCountry "GER"]
[SourceTitle "EXT 2015"]
[Source "ChessBase"]
[SourceDate "2014.11.20"]
[SourceVersion "1"]
[SourceVersionDate "2014.11.20"]
[SourceQuality "1"]
[WhiteTeam "Hofheim"]
[BlackTeam "Untergrombach"]
[WhiteTeamCountry "GER"]
[BlackTeamCountry "GER"]

1. e4 e6 2. d4 d5 3. Nc3 Bb4 4. e5 Qd7 5. Nf3 b6 6. Bd2 Ba6 7. Bxa6 Nxa6 8. Qe2 Nb8 9. 0-0 Ne7 10. Nd1 Bxd2 11. Nxd2 0-0 12. Ne3 c5 13. c3 Nbc6 14. Qd3 Rac8 15. a3 Rc7 16. f4 Rfc8 17. g4 cxd4 18. cxd4 Na5 19. f5 Nc4 20. Ndxc4 dxc4 21. Qe4 c3 22. b4 c2 23. Rac1 Qa4 24. Rf2 Qxa3 25. Rfxc2 Rxc2 26. Rxc2 Rxc2 27. Nxc2 Qc1+ 28. Kf2 Nd5 29. h3 Qd2+ 30. Kg3 h6 31. fxe6 fxe6 32. h4 a5 33. bxa5 bxa5 34. Qg6 Nf4 35. Qe8+ Kh7 36. Qc6 Ne2+ 37. Kh3 Qd3+ 38. Kg2 Nf4+ 39. Kf2 Qd2+ 40. Kg3 Ne2+ 41. Kh3 Qd3+ 42. Kg2 Nc3 43. Na3 Nd5 44. Nb5 Qe4+ 45. Kf2 Qxg4 46. h5 Qf5+ 47. Kg1 Nf4 48. Nc7 Qxh5 49. Kf2 Qf5 50. Ke3 h5 51. Ne8 Nd5+ 52. Kd2 Qf2+ 53. Kc1 Qe3+ 54. Kb1 Qe1+ 55. Kb2 Qd2+ 56. Ka3 Qb4+ 0-1

[Event "BL2-Sued 1314"]
[Site "Germany"]
[Date "2013.10.13"]
[Round "1.8"]
[White "Weller, Manuel"]
[Black "Florea, Dan"]
[Result "1-0"]
[WhiteElo "2176"]
[BlackElo "2302"]
[PlyCount "67"]
[EventDate "2013.10.13"]
[EventType "team-tourn"]
[EventRounds "9"]
[EventCountry "GER"]
[SourceTitle "EXT 2015"]
[Source "ChessBase"]
[SourceDate "2014.11.20"]
[SourceVersion "1"]
[SourceVersionDate "2014.11.20"]
[SourceQuality "1"]
[WhiteTeam "Schwarzenbach"]
[BlackTeam "Untergrombach"]
[WhiteTeamCountry "GER"]
[BlackTeamCountry "GER"]

1. e4 e6 2. d4 d5 3. Nc3 Nf6 4. e5 Nfd7 5. f4 c5 6. Nf3 Nc6 7. Be3 a6 8. Qd2 b5 9. Be2 b4 10. Nd1 c4 11. 0-0 Nb6 12. Qe1 Bd7 13. Qg3 g6 14. Qh3 Bg7 15. Bf2 Qc7 16. Bh4 Qa7 17. Kh1 a5 18. Rb1 Na4 19. b3 Nb6 20. Ne3 cxb3 21. cxb3 a4 22. Ng4 h5 23. Nf6+ Kf8 24. Bd3 Ne7 25. Rfc1 Rc8 26. Be2 axb3 27. axb3 Qa3 28. Rxc8+ Bxc8 29. Qg3 Nc6 30. Ng5 Bxf6 31. exf6 Rg8 32. f5 e5 33. fxg6 fxg6 34. dxe5 1-0

[Event "BL2-Sued 1213"]
[Site "Germany"]
[Date "2013.04.14"]
[Round "9.8"]
[White "Florea, Dan"]
[Black "Kienast, Joerg"]
[Result "1-0"]
[WhiteElo "2299"]
[BlackElo "2266"]
[PlyCount "67"]
[EventDate "2012.10.14"]
[EventType "team-tourn"]
[EventRounds "9"]
[EventCountry "GER"]
[SourceTitle "CBM 154 Extra"]
[Source "ChessBase"]
[SourceDate "2013.06.25"]
[SourceVersion "2"]
[SourceVersionDate "2013.06.25"]
[SourceQuality "1"]
[WhiteTeam "Untergrombach"]
[BlackTeam "Schott Mainz"]
[WhiteTeamCountry "GER"]
[BlackTeamCountry "GER"]

1. d4 Nf6 2. c4 g6 3. Nc3 Bg7 4. e4 d6 5. Bd3 0-0 6. Nge2 c5 7. d5 Nbd7 8. f4 a6 9. a4 e5 10. dxe6 fxe6 11. 0-0 b6 12. Ng3 Bb7 13. f5 Ne5 14. Bg5 h6 15. Bf4 Nfg4 16. Be2 Nxh2 17. Kxh2 Qh4+ 18. Kg1 Ng4 19. Bxg4 Bd4+ 20. Rf2 gxf5 21. exf5 exf5 22. Nce2 Bxf2+ 23. Kxf2 fxg4 24. Qxd6 Rf6 25. Rh1 Qg5 26. Qc7 Raf8 27. Qxb7 Rxf4+ 28. Kg1 Rxc4 29. Qxb6 Rxa4 30. Rxh6 Ra1+ 31. Kh2 Qe5 32. Qg6+ Qg7 33. Qe6+ Qf7 34. Qxg4+ 1-0

[Event "BL2-Sued 1213"]
[Site "Germany"]
[Date "2013.01.13"]
[Round "5.7"]
[White "Tiemann, Christoph"]
[Black "Florea, Dan"]
[Result "1/2-1/2"]
[WhiteElo "2289"]
[BlackElo "2299"]
[PlyCount "31"]
[EventDate "2012.10.14"]
[EventType "team-tourn"]
[EventRounds "9"]
[EventCountry "GER"]
[SourceTitle "CBM 154 Extra"]
[Source "ChessBase"]
[SourceDate "2013.06.25"]
[SourceVersion "2"]
[SourceVersionDate "2013.06.25"]
[SourceQuality "1"]
[WhiteTeam "Baden-Baden II"]
[BlackTeam "Untergrombach"]
[WhiteTeamCountry "GER"]
[BlackTeamCountry "GER"]

1. d4 e6 2. c4 Nf6 3. g3 d5 4. Nf3 c5 5. cxd5 exd5 6. Bg2 Nc6 7. 0-0 cxd4 8. Nxd4 Be7 9. Nc3 0-0 10. Be3 Re8 11. Rc1 Bg4 12. h3 Be6 13. Nxe6 fxe6 14. Na4 Bd6 15. Nc5 Qe7 16. Qa4 1/2-1/2

[Event "BL2-Sued 1213"]
[Site "Germany"]
[Date "2012.11.11"]
[Round "2.8"]
[White "Fischer, Sebastian"]
[Black "Florea, Dan"]
[Result "0-1"]
[WhiteElo "2261"]
[BlackElo "2299"]
[PlyCount "77"]
[EventDate "2012.10.14"]
[EventType "team-tourn"]
[EventRounds "9"]
[EventCountry "GER"]
[SourceTitle "CBM 154 Extra"]
[Source "ChessBase"]
[SourceDate "2013.06.25"]
[SourceVersion "2"]
[SourceVersionDate "2013.06.25"]
[SourceQuality "1"]
[WhiteTeam "Stuttgart"]
[BlackTeam "Untergrombach"]
[WhiteTeamCountry "GER"]
[BlackTeamCountry "GER"]

1. d4 e6 2. c4 Nf6 3. Nc3 Bb4 4. a3 Bxc3+ 5. bxc3 d6 6. f3 e5 7. e4 0-0 8. Bd3 Nc6 9. Ne2 b6 10. Bg5 h6 11. Be3 Ba6 12. Ng3 Nd7 13. 0-0 Re8 14. f4 Na5 15. fxe5 dxe5 16. Qf3 f6 17. Nf5 Kf7 18. Qh5+ g6 19. Nxh6+ Kg7 20. Nf5+ gxf5 21. Bh6+ Kh8 22. Rf3 Re7 23. Bg7+ Kxg7 24. Rg3+ Kf8 25. Qh6+ Kf7 26. Qg6+ Ke6 27. Qxf5+ Kd6 28. c5+ bxc5 29. Bxa6 c6 30. dxc5+ Kc7 31. Rd1 Qf8 32. Qf2 Rf7 33. Be2 Nxc5 34. Qf5 Rd8 35. Rxd8 Qxd8 36. Kf2 Nd7 37. Qg6 Qh8 38. Qg4 Qxh2 39. Rh3 0-1

[Event "BL2-Sued 0910"]
[Site "Germany"]
[Date "2010.02.28"]
[Round "7.8"]
[White "Klee, Helmut"]
[Black "Florea, Dan"]
[Result "1-0"]
[WhiteElo "2146"]
[BlackElo "2325"]
[PlyCount "71"]
[EventDate "2009.10.18"]
[EventType "team-tourn"]
[EventRounds "9"]
[EventCountry "GER"]
[SourceTitle "EXT 2011"]
[Source "ChessBase"]
[SourceDate "2010.11.26"]
[SourceVersion "1"]
[SourceVersionDate "2010.11.26"]
[SourceQuality "1"]
[WhiteTeam "Viernheim"]
[BlackTeam "Untergrombach"]
[WhiteTeamCountry "GER"]
[BlackTeamCountry "GER"]

1. d4 e6 2. Nf3 Nf6 3. c4 d5 4. g3 c5 5. Bg2 Nc6 6. 0-0 cxd4 7. Nxd4 Be7 8. Nc3 0-0 9. cxd5 exd5 10. Bg5 Re8 11. Rc1 h6 12. Bf4 a6 13. Qd3 Bf8 14. h3 Qb6 15. Nxc6 bxc6 16. b3 Bd7 17. Be3 Qa5 18. Na4 Rab8 19. Rfe1 Ne4 20. Bf4 Rbc8 21. Red1 Ba3 22. Ra1 Bf5 23. Qf3 Bg6 24. Bc1 Bf8 25. h4 Nf6 26. Bh3 Be4 27. Qc3 Bb4 28. Qb2 Qd8 29. Be3 Nd7 30. Bd4 Bf8 31. Rac1 c5 32. Bc3 d4 33. Be1 Bc6 34. Qc2 Rc7 35. Ba5 Bxa4 36. bxa4 1-0

[Event "BL2-Sued 0607"]
[Site "Germany"]
[Date "2007.04.22"]
[Round "9.7"]
[White "Rudolph, Johannes"]
[Black "Florea, Dan"]
[Result "1/2-1/2"]
[WhiteElo "2260"]
[BlackElo "2305"]
[PlyCount "117"]
[EventDate "2006.10.15"]
[EventType "team-tourn"]
[EventRounds "9"]
[EventCountry "GER"]
[SourceTitle "EXT 2008"]
[Source "ChessBase"]
[SourceDate "2007.11.25"]
[SourceVersion "1"]
[SourceVersionDate "2007.11.25"]
[SourceQuality "1"]
[WhiteTeam "Kirchheim"]
[BlackTeam "Untergrombach"]
[WhiteTeamCountry "GER"]
[BlackTeamCountry "GER"]

1. d4 e6 2. c4 Nf6 3. Nc3 Bb4 4. f3 c5 5. d5 Nh5 6. g3 f5 7. e4 0-0 8. e5 b6 9. f4 g6 10. Bg2 Bb7 11. Nf3 Bxc3+ 12. bxc3 Na6 13. 0-0 Nc7 14. Rf2 Qc8 15. d6 Na6 16. a4 Nb8 17. a5 Nc6 18. axb6 axb6 19. Rb1 Na5 20. Qf1 Ra6 21. Rfb2 Be4 22. Ra1 Nxc4 23. Rba2 Rxa2 24. Rxa2 Na5 25. Nd2 Bc6 26. Bxc6 Qxc6 27. Qf3 Rc8 28. Qxc6 Rxc6 29. Kf2 h6 30. Kf3 Kf7 31. Bb2 Rc8 32. c4 g5 33. Bc3 Nc6 34. Ra1 Rb8 35. Rb1 Ke8 36. Ke3 Kd8 37. Nf3 g4 38. Nd2 Kc8 39. Kd3 Ng7 40. Rb2 h5 41. h4 gxh3 42. Nf3 Kb7 43. Rh2 Ra8 44. Rxh3 Ra2 45. Rh1 Rg2 46. Rg1 Rxg1 47. Nxg1 h4 48. gxh4 Nh5 49. Ne2 Ka6 50. Be1 Na5 51. Bd2 Nb3 52. Be1 b5 53. cxb5+ Kxb5 54. Ke3 Nd4 55. Nxd4+ cxd4+ 56. Kxd4 Nxf4 57. Bd2 Nh5 58. Be1 Kc6 59. Bf2 1/2-1/2

[Event "BL2-Sued 0607"]
[Site "Germany"]
[Date "2007.02.04"]
[Round "5.8"]
[White "Unzicker, Ferdinand"]
[Black "Florea, Dan"]
[Result "1-0"]
[WhiteElo "2275"]
[BlackElo "2305"]
[PlyCount "115"]
[EventDate "2006.10.15"]
[EventType "team-tourn"]
[EventRounds "9"]
[EventCountry "GER"]
[SourceTitle "EXT 2008"]
[Source "ChessBase"]
[SourceDate "2007.11.25"]
[SourceVersion "1"]
[SourceVersionDate "2007.11.25"]
[SourceQuality "1"]
[WhiteTeam "Bayern Muenchen"]
[BlackTeam "Untergrombach"]
[WhiteTeamCountry "GER"]
[BlackTeamCountry "GER"]

1. c4 c5 2. Nf3 Nf6 3. Nc3 Nc6 4. d4 cxd4 5. Nxd4 g6 6. e4 d6 7. Be2 Bg7 8. Be3 0-0 9. 0-0 Bd7 10. Qd2 Ng4 11. Bxg4 Bxg4 12. f3 Bd7 13. Rfd1 Re8 14. Rac1 Ne5 15. b3 Qa5 16. Nd5 Qxd2 17. Rxd2 Rac8 18. Ne2 b6 19. h3 Kf8 20. f4 Nc6 21. e5 Be6 22. exd6 exd6 23. Kf2 Ne7 24. Nxe7 Kxe7 25. Rcd1 Red8 26. g4 f5 27. g5 Rd7 28. h4 Bf7 29. h5 d5 30. h6 Bh8 31. cxd5 Rcd8 32. d6+ Rxd6 33. Rxd6 Rxd6 34. Rxd6 Kxd6 35. Bd4 Bxd4+ 36. Nxd4 a5 37. Ke3 a4 38. Kd3 axb3 39. axb3 Kc5 40. Kc3 Kd5 41. Nb5 Kc5 42. Nc7 Kc6 43. Na6 Kd5 44. Kd3 Kd6 45. b4 Bd5 46. b5 Bb7 47. Nb4 Kc5 48. Kc3 Be4 49. Na2 Bg2 50. Nb4 Bf1 51. Nc6 Bxb5 52. Ne7 Be8 53. Ng8 b5 54. Nf6 b4+ 55. Kb2 Kd4 56. Nxe8 Ke4 57. Nf6+ Kxf4 58. Nxh7 1-0

[Event "BL2-Sued 0405"]
[Site "Germany"]
[Date "2005.04.10"]
[Round "9.7"]
[White "Florea, Dan"]
[Black "Pohl, Walter"]
[Result "1-0"]
[WhiteElo "2285"]
[BlackElo "2227"]
[PlyCount "69"]
[EventDate "2004.10.24"]
[EventType "team-tourn"]
[EventRounds "9"]
[EventCountry "GER"]
[SourceTitle "EXT 2007"]
[Source "ChessBase"]
[SourceDate "2006.11.23"]
[SourceVersion "1"]
[SourceVersionDate "2006.11.23"]
[SourceQuality "1"]
[WhiteTeam "Untergrombach"]
[BlackTeam "Schwaebisch Gmuend"]
[WhiteTeamCountry "GER"]
[BlackTeamCountry "GER"]

1. d4 d5 2. c4 Nc6 3. e3 e5 4. cxd5 Qxd5 5. Nc3 Bb4 6. Bd2 Bxc3 7. bxc3 Qd6 8. Bd3 Nge7 9. Ne2 0-0 10. 0-0 f5 11. Rb1 b6 12. f3 Kh8 13. Be1 Be6 14. Qa4 f4 15. Be4 Bd5 16. dxe5 Qc5 17. Nd4 Nxe5 18. Rb5 Qd6 19. exf4 Nd7 20. Bh4 Bxe4 21. fxe4 Nc5 22. Qc2 Ng6 23. e5 Qd7 24. Bg3 Rae8 25. Rbb1 Qg4 26. Qd1 Qc8 27. Qe2 Na4 28. Qc4 Nc5 29. Rbe1 Qb7 30. f5 Ne7 31. f6 gxf6 32. exf6 Ng6 33. Rxe8 Rxe8 34. f7 Rc8 35. f8Q+ 1-0

[Event "Oberliga Baden 0304 "]
[Site "Germany"]
[Date "2004.03.21"]
[Round "8.2"]
[White "Florea, Dan"]
[Black "Schulz, Vladimir"]
[Result "1/2-1/2"]
[WhiteElo "2310"]
[BlackElo "2223"]
[PlyCount "61"]
[EventDate "2003.10.12"]
[EventType "team-tourn"]
[EventRounds "9"]
[EventCountry "GER"]
[SourceTitle "EXT 2006"]
[Source "ChessBase"]
[SourceDate "2005.11.24"]
[SourceVersion "1"]
[SourceVersionDate "2005.11.24"]
[SourceQuality "1"]
[WhiteTeam "Untergrombach"]
[BlackTeam "Kehl"]
[WhiteTeamCountry "GER"]
[BlackTeamCountry "GER"]

1. d4 d5 2. c4 c6 3. Nf3 e6 4. Nbd2 f5 5. g3 Nf6 6. Bg2 Bd6 7. 0-0 0-0 8. b3 Qe7 9. Bb2 b6 10. Qc2 Bb7 11. Ne5 Ne4 12. Nxe4 fxe4 13. f3 exf3 14. exf3 Bxe5 15. dxe5 dxc4 16. bxc4 c5 17. f4 Nc6 18. Be4 g6 19. Qg2 Na5 20. Bc3 Bxe4 21. Qxe4 Qb7 22. Qxb7 Nxb7 23. Rad1 Rad8 24. Kf2 Kf7 25. Ke3 Rxd1 26. Rxd1 Rd8 27. Rf1 h5 28. h3 Ke7 29. Rb1 Kd7 30. Rd1+ Kc6 31. Rxd8 1/2-1/2

[Event "Oberliga Baden 0304 "]
[Site "Germany"]
[Date "2004.03.07"]
[Round "7.2"]
[White "Florea, Dan"]
[Black "Weindl, Alfred"]
[Result "1-0"]
[WhiteElo "2310"]
[BlackElo "2351"]
[PlyCount "73"]
[EventDate "2003.10.12"]
[EventType "team-tourn"]
[EventRounds "9"]
[EventCountry "GER"]
[SourceTitle "EXT 2006"]
[Source "ChessBase"]
[SourceDate "2005.11.24"]
[SourceVersion "1"]
[SourceVersionDate "2005.11.24"]
[SourceQuality "1"]
[WhiteTeam "Untergrombach"]
[BlackTeam "Konstanz"]
[WhiteTeamCountry "GER"]
[BlackTeamCountry "GER"]

1. d4 Nf6 2. c4 c5 3. d5 b5 4. cxb5 a6 5. f3 e6 6. e4 Bb7 7. Nc3 exd5 8. exd5 Bd6 9. Qe2+ Qe7 10. bxa6 Nxa6 11. Nb5 0-0 12. Qxe7 Bxe7 13. d6 Bd8 14. Bc4 Nb4 15. Kf2 Bd5 16. Bxd5 Nfxd5 17. Ne2 Nd3+ 18. Kg3 Ra4 19. f4 g5 20. fxg5 f5 21. Rd1 Rg4+ 22. Kf3 c4 23. h3 Re4 24. Nbc3 Ne5+ 25. Kg3 Ne3 26. Nxe4 Nxd1 27. N4c3 Nxc3 28. bxc3 Nd3 29. Bd2 Re8 30. Nd4 Bb6 31. Nxf5 Re2 32. Bf4 Rf2 33. Ne7+ Kf7 34. Nd5 Bc5 35. Be3 Bxe3 36. Nxe3 Rd2 37. Nxc4 1-0

[Event "Oberliga Baden 0304 "]
[Site "Germany"]
[Date "2003.12.14"]
[Round "4.2"]
[White "Eschbach, Dennis"]
[Black "Florea, Dan"]
[Result "1-0"]
[WhiteElo "2354"]
[BlackElo "2310"]
[PlyCount "93"]
[EventDate "2003.10.12"]
[EventType "team-tourn"]
[EventRounds "9"]
[EventCountry "GER"]
[SourceTitle "EXT 2006"]
[Source "ChessBase"]
[SourceDate "2005.11.24"]
[SourceVersion "1"]
[SourceVersionDate "2005.11.24"]
[SourceQuality "1"]
[WhiteTeam "Waldshut Tiengen"]
[BlackTeam "Untergrombach"]
[WhiteTeamCountry "GER"]
[BlackTeamCountry "GER"]

1. e4 e6 2. d4 d5 3. Nd2 c5 4. Ngf3 Nf6 5. exd5 exd5 6. Be2 Nc6 7. 0-0 cxd4 8. Nb3 Be7 9. Nfxd4 0-0 10. Bf4 Ne4 11. c3 Bf6 12. Re1 Nxd4 13. Nxd4 Qb6 14. Rb1 Bxd4 15. Qxd4 Qxd4 16. cxd4 Be6 17. f3 Nf6 18. Rbc1 Rfc8 19. Kf2 Nd7 20. Bd3 Nb6 21. b3 h6 22. Bd6 Rxc1 23. Rxc1 Rc8 24. Rc5 Bd7 25. h4 Bc6 26. Bf5 Re8 27. Bf4 Nc8 28. Bd3 Ne7 29. Bd6 Ng6 30. b4 Nxh4 31. g3 Ng6 32. b5 Bd7 33. Rc7 Bc8 34. Bxg6 fxg6 35. Be5 a6 36. b6 h5 37. Rxg7+ Kf8 38. Rc7 g5 39. Bf6 g4 40. f4 Kg8 41. Be5 Kf8 42. Ke3 Kg8 43. f5 Bxf5 44. Rxb7 Re6 45. Rg7+ Kf8 46. b7 Re8 47. Rg5 1-0

[Event "Oberliga Baden 0304 "]
[Site "Germany"]
[Date "2003.11.02"]
[Round "2.2"]
[White "Frei, Peter"]
[Black "Florea, Dan"]
[Result "1-0"]
[WhiteElo "2336"]
[BlackElo "2310"]
[PlyCount "71"]
[EventDate "2003.10.12"]
[EventType "team-tourn"]
[EventRounds "9"]
[EventCountry "GER"]
[SourceTitle "EXT 2006"]
[Source "ChessBase"]
[SourceDate "2005.11.24"]
[SourceVersion "1"]
[SourceVersionDate "2005.11.24"]
[SourceQuality "1"]
[WhiteTeam "Eppingen II"]
[BlackTeam "Untergrombach"]
[WhiteTeamCountry "GER"]
[BlackTeamCountry "GER"]

1. g3 c5 2. Bg2 d5 3. f4 Nf6 4. d3 Nc6 5. Nf3 g6 6. 0-0 Bg7 7. Nc3 d4 8. Na4 Nd7 9. c3 0-0 10. cxd4 cxd4 11. Bd2 b6 12. f5 Bb7 13. fxg6 hxg6 14. Qb3 Rc8 15. Ng5 Nde5 16. Bh3 Rc7 17. Rf2 Na5 18. Qd1 Qd5 19. Bg2 Qb5 20. Bf4 Bxg2 21. Kxg2 Ng4 22. Rf3 Be5 23. Bd2 Ne3+ 24. Bxe3 dxe3 25. h4 Qd5 26. Kh2 b5 27. Nc3 Bxc3 28. bxc3 Rxc3 29. Ne4 Rc7 30. Qe1 Nc6 31. Qc1 Rfc8 32. Qxe3 Nd4 33. Rf2 Nc2 34. Qh6 Nxa1 35. Ng5 f6 36. Qxg6+ 1-0

[Event "Oberliga Baden 0203"]
[Site "Germany"]
[Date "2003.03.09"]
[Round "8.5"]
[White "Buss, Ralph"]
[Black "Florea, Dan"]
[Result "1/2-1/2"]
[WhiteElo "2274"]
[BlackElo "2281"]
[PlyCount "86"]
[EventDate "2002.10.20"]
[EventType "team-tourn"]
[EventRounds "9"]
[EventCountry "GER"]
[SourceTitle "EXT 2018"]
[Source "ChessBase"]
[SourceDate "2017.10.13"]
[SourceVersion "1"]
[SourceVersionDate "2017.10.13"]
[SourceQuality "1"]
[WhiteTeam "Konstanz"]
[BlackTeam "Untergrombach"]
[WhiteTeamCountry "GER"]
[BlackTeamCountry "GER"]

1. Nf3 Nf6 2. c4 c5 3. Nc3 e6 4. g3 b6 5. Bg2 Bb7 6. 0-0 d6 7. Re1 Nbd7 8. e4 Rc8 9. d4 cxd4 10. Nxd4 Rxc4 11. Nxe6 fxe6 12. e5 dxe5 13. Bxb7 Bb4 14. Qb3 Bxc3 15. bxc3 Rc7 16. Ba3 Kf7 17. Bg2 Nc5 18. Qc2 Qd3 19. Qc1 Qc4 20. Bf1 Nd3 21. Bxd3 Qxd3 22. Re3 Qd5 23. Qe1 Rd8 24. Rxe5 Qc4 25. Bb2 Rc5 26. Qe2 Qxe2 27. Rxe2 Nd5 28. Rae1 Re8 29. Re5 Rc6 30. Rc1 Rc4 31. Kf1 Rec8 32. Rce1 R8c6 33. f4 g6 34. Rd1 b5 35. Rd3 a6 36. Ke1 Rc7 37. a3 Nxc3 38. Rd6 Na4 39. Bd4 Re7 40. Kd2 h5 41. h3 Rec7 42. Kd3 Nc5+ 43. Bxc5 R7xc5 1/2-1/2

[Event "Untergrombach op 20th"]
[Site "Untergrombach"]
[Date "2003.01.06"]
[Round "7.2"]
[White "Panzalovic, Srdjan"]
[Black "Florea, Dan"]
[Result "1-0"]
[WhiteElo "2441"]
[BlackElo "2281"]
[PlyCount "83"]
[EventDate "2003.01.02"]
[EventType "swiss"]
[EventRounds "7"]
[EventCountry "GER"]
[SourceTitle "CBM 092 Extra"]
[Source "ChessBase"]
[SourceDate "2003.03.07"]
[SourceVersion "1"]
[SourceVersionDate "2003.03.07"]
[SourceQuality "1"]

1. Nf3 c5 2. c4 Nf6 3. g3 b6 4. Bg2 Bb7 5. 0-0 e6 6. Nc3 Be7 7. d4 cxd4 8. Qxd4 d6 9. b3 Nbd7 10. Rd1 a6 11. Ng5 Bxg2 12. Kxg2 Qc7 13. Nge4 0-0 14. Bb2 Rfd8 15. Nxf6+ Nxf6 16. f3 Bf8 17. e4 Rac8 18. Rac1 Nd7 19. Qf2 Be7 20. Ba3 Nc5 21. Rc2 Bf6 22. Ne2 Rd7 23. Nf4 Be5 24. Nd3 Nxd3 25. Rxd3 h6 26. f4 Bf6 27. Rcd2 Rcd8 28. Qf3 b5 29. cxb5 axb5 30. Bb4 Qc6 31. e5 Qxf3+ 32. Kxf3 Be7 33. Bxd6 Bxd6 34. Rxd6 Rxd6 35. exd6 Kf8 36. f5 exf5 37. Kf4 Ke8 38. Ke5 Kd7 39. Rc2 Ra8 40. Rc7+ Kd8 41. a4 bxa4 42. Rxf7 1-0